000 00405nam a22001697a 4500
005 20160613143342.0
008 160613b xxu||||| |||| 00| 0 eng d
020 _a81-219-2831-1
041 _aeng
082 _b7256
100 _aVerma, Dr Shaline
_91798
245 _aWorld power made handy
260 _aNew Delhi
_bSultan Chand & Sons,
300 _a370
650 _aManagement
_9241
942 _cBK
999 _c2523
_d2522